000 00574nam a2200229 4500
003 OSt
005 20220818140025.0
008 220818b |||||||| |||| 00| 0 eng d
020 _a9780273753469
040 _cIFM Library
082 _a658.15
100 _aBerk, Jonathan
245 _aFundamentals of Coperate Finance
250 _a2nd ed.
260 _aBoston:
_bPearson,
_c2012
300 _axix, 712p.: ill.; 24cm.
500 _aIncludes Index
650 _aCoparate Finance
700 _aDeMarzo, Peter
700 _aHarford, Jarrad
942 _cBK
_2ddc
_n0
999 _c14518
_d14518